00259nam a2200121Ia 4500008004100000041000800041082001600049100001300065245001600078260001400094365001600108700001300124230719s9999 xx 000 0 und d aeng a155.64bKHE aKhera S. aYou Can Win bMacmillan cRs.b163.00 aKhera S.